000 02960nam0a22004091 4500
001 RU\NLR\A1\23242
005 20260407111927.0
035 _a(NLR Aleph) 009677703
090 _a9689794
_c9689794
100 _a19990602d1779 m y0rusy50 ca
101 0 _arus
102 _aRU
140 _ay y kb yaa0000
200 1 _aСобрание разных полезных лекарств на разныя болезни с рецептами
_eПервое. На неумеренность в любострастии обоих полов; и обстоятельное описание разных болезней, приключающихся от оной, которыя мучительным образом наказывают невоздержных. Сочиненное в предосторожность обоего пола людям. [А.Г.Бахерахт]. Второе. Способы и наставления, по которым зараженные французскою болезнию поселяне и прочие старанием своих помещиков и управителей, сами собою вылечиваться, и предохранять от оной себя могут. [С.А.Венечанский]
210 _aВ Санктпетербурге
_c[Сенат. тип.]
_d1779
215 _a[18], 222 с.
_d
300 _aПосвящ. на с.[3-4]
305 _aОба соч. вышли также отд. изд.
316 _aЭкз. РНБ (18.3.7.25) в цельнокож. корич. пер. Корешок с 5-ю бинтами, золотым тиснением (позолота почти полностью утрачена) и загл.: "Собрание разных лекарств". На нижней крышке пер. экслибрис рус. фонда ГПБ с шифром. Обрез тонир. крас. На форзаце ярлык с шифром РНБ. На с.[3] круглый штамп экслибрис имп. б-ки с буквами И.Б. На тит. л., с.33 и 222 круглый штамп ГПБ. Размер: 18,8х12х3 см
_5NLR: 18.3.7.25
321 1 _aСК XVIII 6642
620 _dСанкт-Петербург
702 1 _4070
_7ca
_8rus
_aБахерахт
_bА. Г.
_f1724-1806
_gАндрей Гаврилович
_9240257
_3RU\NLR\AUTH\770240313
702 1 _4070
_7ca
_8rus
_aВенечанский
_bС. А.
_f18 в.
_gСтепан Алексеевич
_9168153
_3RU\NLR\AUTH\770168201
712 0 2 _4610
_aСенатская типография
_cПетербург
_3RU\NLR\AUTH\889940127
_9375085
801 0 _aRU
_bNLR
_c19990602
852 _aNLR
_j18.3.7.25
852 _aNLR
_jМф К 1/17144
899 _aРГБ
899 _aБАН
899 _aМГУ
899 _aГПИБ
899 _aДГПБ
899 _aНГОНБ
942 _cBOOK
980 _aNB
980 _aA1XVIIIv